00686nam a22002052 450000100060000000300080000600500170001400800390003103500190007004000370008904100080012608200250013410000260015924500720018526000490025730000340030650000260034065000580036665000560042423394BD-RjUL20211209000926.0140310r19501945enka 000 0 eng a(BD-RjUL)23459 aDLCcSUCdSUCdEQOdBD-RjULbeng aeng00a940.548142bSTI 19501 aStark, Flora,d-1942.13aAn Italian diary /cby Flora Stark. With a foreword by Freya Stark. aLondon :bJ. Murray,c1945 [reprinted 1950]. axi, 50 p. :bfront. ;c19 cm. a"First edition 1945." 0aWorld War, 1939-1945xPrisoners and prisons, Italian. 0aWorld War, 1939-1945vPersonal narratives, British.